Botánica general : (Record no. 113020)

MARC details
000 -LEADER
campo de control de longitud fija 00761nam a2200229 i 4500
001 - NÚMERO DE CONTROL
campo de control 113020
003 - IDENTIFICADOR DE NÚMERO DE CONTROL
campo de control ES-MaACL
005 - FECHA Y HORA DE LA ÚLTIMA TRANSACCIÓN
campo de control 20250814015823.0
007 - CAMPO FIJO DE DESCRIPCIÓN FÍSICA--INFORMACIÓN GENERAL
campo de control de longitud fija t|
008 - DATOS DE LONGITUD FIJA--INFORMACIÓN GENERAL
campo de control de longitud fija 061121s1975 sp r ||||1| spa d
080 ## - NÚMERO DE LA CLASIFICACIÓN DECIMAL UNIVERSAL
Número de la Clasificación Decimal Universal 58
100 1# - ENTRADA PRINCIPAL--NOMBRE DE PERSONA
Nombre de persona Nultsch, Wilhelm.
9 (RLIN) 86132
245 10 - MENCIÓN DEL TÍTULO
Título Botánica general :
Resto del título manual para médicos y naturalistas /
Mención de responsabilidad, etc. Wilhelm Nultsch ; traducido del alemán por Emma Gifre.
260 ## - PUBLICACIÓN, DISTRIBUCIÓN, ETC.
Lugar de publicación, distribución, etc. Barcelona :
Nombre del editor, distribuidor, etc. Omega,
Fecha de publicación, distribución, etc. 1975.
300 ## - DESCRIPCIÓN FÍSICA
Extensión XI, 417 p. :
Otras características físicas il. ;
Dimensiones 19 cm.
490 1# - MENCIÓN DE SERIE
Mención de serie Manuales flexibles de ciencias biológicas
650 #7 - PUNTO DE ACCESO ADICIONAL DE MATERIA--TÉRMINO DE MATERIA
Término de materia o nombre geográfico como elemento de entrada Botánica
Fuente del encabezamiento o término embne
9 (RLIN) 10610
700 1# - ENTRADA AGREGADA--NOMBRE PERSONAL
Nombre de persona Gifre de Martinell, Emma.
9 (RLIN) 56703
830 1# - PUNTO DE ACCESO ADICIONAL DE SERIE-TÍTULO UNIFORME
Título uniforme Manuales flexibles de ciencias biológicas
9 (RLIN) 186730
852 4# - LOCALIZACIÓN
Ubicación ES-MaACL
Número de control de estantería L-6613
Holdings
Estatus retirado Estado de pérdida Estado de daño No para préstamo Biblioteca de origen Biblioteca actual Ubicación en estantería Fecha de adquisición Fuente de adquisición Total de préstamos Signatura topográfica completa Código de barras Visto por última vez Precio de reemplazo Tipo de ítem Koha
        Biblioteca del Ateneo de Madrid Biblioteca del Ateneo de Madrid Depósito 2 17/01/2008     L-6613 1117889 23/02/2023 23/02/2023 Libro impreso